• 首页
  • 本馆介绍
  • 公告通知
  • 最新文献
  • 馆藏检索
  • 电子资源
  • 读者导购
  • 参考咨询
  • 我的图书馆
  • 登录
  • 详细信息显示
  • 放入我的书架
  • 预约/预借图书
  • 作者相关作品
  • 分类相关作品
  • 丛书相关作品
  • 出版社相关作品

书目信息

  • 表格格式
  • 工作单格式
  • 卡片格式
题名:
德语国家国情
    
 
作者: 马宏祥 , 李文红 编著
分册:  
出版信息: 北京   外语教学与研究出版社  1999
页数: 395页
开本: 21cm
丛书名:
单 册:
中图分类: H339.4:K
科图分类:
主题词: 德语--高等学校--课外读物
电子资源:
ISBN: 7-5600-1471-2
000 00919nam0 2200253 45
001 0199052864
005 20010903133340.0
010    @a7-5600-1471-2@dCNY16.90
100    @a20010825e20001999em y0chiy0121 ea
101 0  @achi@ager
102    @aCN@b110000
105    @ay z 000yy
106    @ar
200 1  @a德语国家国情@Ade yu guo jia guo qing@f马宏祥,李文红编著@Fma hong xiang, li wen hong bian zhu
210    @a北京@c外语教学与研究出版社@d1999@h2000重印
215    @a395页@d21cm
330    @a本书包括十六个单元。分专题介绍德意志联邦共和国、奥地利共和国以及瑞士联邦的地理、国家体制、经济以及文化、教育等方面的基本情况。
510 1  @aTexte zur landeskunde der deutschsprachigen lander@zger
606    @a德语@x高等学校@j课外读物
690    @aH339.4:K@v4
701  0 @a马宏祥@Ama hong xiang@4编著
701  0 @a李文红@Ali wen hong@4编著
801  0 @aCN@bNLC@c20010903
905    @dH339.4@e120 @f3
    
    德语国家国情/马宏祥,李文红编著.-北京:外语教学与研究出版社,1999(2000重印)
    395页;21cm
    
    
    ISBN 7-5600-1471-2:CNY16.90
    本书包括十六个单元。分专题介绍德意志联邦共和国、奥地利共和国以及瑞士联邦的地理、国家体制、经济以及文化、教育等方面的基本情况。
●
相关链接 在E读中查询图书 在五车中查询图书 在当当中查询图书 在豆瓣中查询图书


正题名:德语国家国情     索取号:H339.4/120         预约/预借

序号 登录号 条形码 馆藏地/架位号 状态 备注
1 0826943   208269434   第二样本阅览室/ [索取号:H339.4/120] 在馆    
2 0826944   208269443   第四借阅区/ [索取号:H339.4/120] 在馆    
3 0826945   208269452   第四借阅区/ [索取号:H339.4/120] 在馆    
4 0826946   208269461   第四借阅区/ [索取号:H339.4/120] 在馆    
5 0826947   208269470   第四借阅区/ [索取号:H339.4/120] 在馆    
6 0852192   208521928   第四借阅区/ [索取号:H339.4/120] 在馆    
7 0852193   208521937   第四借阅区/ [索取号:H339.4/120] 在馆    
8 0852194   208521946   第四借阅区/ [索取号:H339.4/120] 在馆    
唐山师范学院图书馆 欢迎您!
大连网信软件有限公司© 版权所有